000 00554nam a2200217Ia 4500
005 20230710131124.0
008 131103s9999 xx 000 0 und d
020 _a022400865 X
_cRs. 60
040 _aLoreto College
041 _aEnglish
082 _a572
_bTUR
100 _aTurnbull, Colin M.
245 4 _aThe Mountain People
_cColin M. Turnbull
260 _aLondon
_bTonathan Cape
_c1973
300 _a309 p.
504 _aIncludes glossary and index
650 _aAnthropology
651 _aSocial groups
850 _aLCLIB
942 _cBK
999 _c1698
_d52177